01870nam a2200349 a 4500001001200000003000800012006001900020007001500039008004100054010001700095020003000112020002700142040002100169035002100190050002500211082001800236100002200254245014700276250003200423260007100455300003200526504005100558505050900609533015201118650001601270650002301286655002901309700002001338710001701358856012601375999001901501ebr10553727CaPaEBRm u cr cn|||||||||120210s2012 cauac sb 001 0 eng d z 2012004912 z9781609944872 (hardcover) z9781609944889 (e-book) aCaPaEBRcCaPaEBR a(OCoLC)78494796414aHD57.7b.J635 2012eb04a658.4/0922231 aJohansen, Robert.10aLeaders make the futureh[electronic resource] :bten new leadership skills for an uncertain world /cBob Johansen ; foreword by John R. Ryan. a2nd ed., rev. and expanded. aSan Francisco, Calif. :bBerrett-Koehler Publishers, Inc.,cc2012. axxii, 245 p. :bill., port. aIncludes bibliographical references and index.0 aForeword / John R. Ryan, President and CEO, Center for Creative -- Introduction: listening for the future -- Maker instinct -- Clarity -- Dilemma flipping -- Immersive learning ability -- Bio-empathy -- Constructive depolarizing -- Quiet transparency -- Rapid prototyping -- Smart-mob organizing -- Commons creating -- Future immersion for leadership development -- Learning the ten future leadership skills yourself -- Notes -- Bibliography -- Acknowledgments -- Index -- About the author -- About IFTF. aElectronic reproduction.bPalo Alto, Calif. :cebrary,d2011.nAvailable via World Wide Web.nAccess may be limited to ebrary affiliated libraries. 0aLeadership. 0aExecutive ability. 7aElectronic books.2local1 aVera, Juan Dal.2 aebrary, Inc.40uhttp://site.ebrary.com/lib/rucke/Doc?id=10553727zAn electronic book accessible through the World Wide Web; click to view c196334d196334